000 00492nam a2200169Ia 4500
005 20250603144930.0
008 250603s9999 xx 000 0 und d
020 _a9781547359
050 _aJQ 3096 .E96/
245 0 _aEvolution of political culture in Nigeria: proceedings of a national seminar organized by the Kaduna State council for arts and culture
260 _aIbadan
260 _bUniversity Press Ltd.
260 _c1985
300 _a227 p
650 _aIbadan
942 _cBK
999 _c40380
_d40380